000 00563nam a2200229 a 4500
999 _c7762
_d7762
001 7762
003 BD-JhCC
005 20180213174005.0
008 180213s1960 xxka j 000 0 eng d
035 _a(BD-JhCC)7762
040 _aBD-JhCC
_cUKM
_dBD-JhCC
041 _aeng
082 _a823.91
_bDUS 1959
082 _aJ
_218
100 1 _aDunstone, Max.
245 1 0 _aCornet of dragooons /
_cillustrated by Michael Ross
260 _aBlackie,
_c1960
300 _a206 p. :
_bill. ;
_c20 cm
650 _aEnglish Fiction
942 _2ddc
_cBK